Statistics for Countries of the World in 1444

Click here to take the quiz!

General Stats

  • This quiz has been taken 9,355 times
    (9,340 since last reset)
  • The average score is 57 of 536

Answer Stats

Country % Correct
England
87%
Ming
87%
Sweden
85%
Muscovy
85%
U
85%
Norway
85%
Portugal
84%
France
84%
Scotland
83%
Denmark
73%
Ottomans
71%
Ashikaga
70%
Byzantium
70%
Korea
66%
Austria
65%
Poland
65%
Hungary
64%
Mongolia
61%
Aztec
57%
Cusco
57%
Venice
54%
Serbia
52%
The Papal State
52%
Morocco
51%
Castile
51%
Lithuania
51%
Aragon
50%
Brittany
50%
Naples
49%
Bosnia
48%
Bavaria
47%
So
46%
Albania
46%
Switzerland
44%
Cyprus
41%
Tunis
40%
Florence
39%
Mali
39%
Milan
38%
Ethiopia
38%
Genoa
38%
Granada
37%
Hamburg
35%
Holland
35%
Georgia
35%
Moldavia
35%
Athens
33%
Oman
33%
Yemen
33%
Saxony
32%
Crimea
31%
Bohemia
31%
Cherokee
30%
Navajo
30%
Kongo
28%
Sioux
27%
Navarra
27%
Burgundy
27%
Flanders
27%
Iroquois
26%
Ando
26%
Ulster
25%
Delhi
25%
Afghanistan
24%
Novgorod
23%
Brandenburg
23%
Wallachia
23%
Apache
22%
Bremen
22%
Great Horde
22%
Teutonic Order
22%
Frankfurt
22%
Uzbek
22%
Bengal
21%
Holstein
21%
Munster
20%
Münster
20%
Riga
20%
Cologne
20%
Cree
19%
Oda
19%
Savoy
19%
Silesia
19%
Provence
19%
Khmer
18%
The Knights
18%
Livonian Order
17%
Hesse
17%
Baden
17%
Mamluks
17%
Brunei
17%
Friesland
17%
Pomerania
16%
Benin
15%
Kazan
15%
Lorraine
15%
Alsace
15%
Maldives
15%
Leinster
14%
Mecklenburg
14%
Utrecht
14%
Salzburg
14%
Timurids
13%
Lübeck
13%
Ulm
13%
Perm
13%
Ragusa
13%
Wurttemberg
13%
Rwanda
13%
Mutapa
12%
Nuremburg
12%
Medina
12%
Brabant
12%
Corfu
11%
Siena
11%
Aden
11%
Burundi
11%
Anhalt
11%
Timbuktu
11%
Pskov
11%
Sus
11%
Kashmir
11%
Huron
11%
The Palatinate
10%
Lucca
10%
Gujarat
10%
Mazovia
10%
Songhai
10%
Kong
10%
Najd
10%
Aachen
10%
Creek
10%
Comanche
10%
Blackfoot
10%
Karaman
9%
The Isles
9%
Oldenburg
9%
Ainu
9%
Brunswick
9%
Tyrone
9%
Ryazan
9%
Pueblo
9%
Theodoro
9%
Urbino
9%
Circassia
9%
Cheyenne
9%
Malacca
9%
Ferrara
9%
Mainz
9%
Mogadishu
8%
Tver
8%
Choctaw
8%
Naxos
8%
Trier
8%
Rostov
8%
Sligo
8%
Trebizond
8%
Augsburg
8%
Nogai
8%
Nevers
8%
Liege
8%
Majapahit
8%
East Frisia
8%
Maravi
8%
Mantua
8%
Dai Viet
8%
Magdeburg
8%
Tlemcen
7%
Bahmanis
7%
Nassau
7%
Baluchistan
7%
Oirat
7%
Kildare
7%
Ayutthaya
7%
Sindh
7%
Desmond
7%
Gelre
7%
Hormuz
7%
Vijayanagar
7%
Qara Qoyunlu
7%
Champa
7%
Hejaz
7%
Kilwa
6%
Kathmandu
6%
Assam
6%
Shoshone
6%
Miami
6%
Chagatai
6%
Dithmarschen
6%
Ava
6%
Ottawa
6%
Fezzan
6%
Fars
6%
Candar
6%
Yaroslavl
6%
Maynila
6%
Shawnee
6%
Mahican
6%
Orissa
6%
Quito
6%
Air
6%
Montferrat
6%
Wurzburg
6%
Lüneburg
6%
Marrakesh
6%
Pawnee
6%
Beloozero
6%
Transoxiana
6%
Kotte
6%
Verden
6%
Aq Qoyunlu
6%
Ojibwe
5%
Offaly
5%
Saxe-Lauenburg
5%
Cleves
5%
Shirvan
5%
Ravensburg
5%
Odoyev
5%
Powhatan
5%
Ramazan
5%
Chickasaw
5%
Memmingen
5%
Carib
5%
Malwa
5%
Dulkadir
5%
Jaunpur
5%
Cebu
5%
Tokugawa
5%
Ardabil
5%
Mysore
5%
Mombasa
5%
Guarani
5%
Imereti
5%
Fox
5%
Arapaho
5%
Ajam
5%
Mzab
5%
Kandy
5%
Ansbach
5%
Haasa
4%
Ajuuraan
4%
Haida
4%
Haixi
4%
Chinook
4%
Date
4%
Dahomey
4%
Kamchadals
4%
Gazikumukh
4%
Ormond
4%
Hisn Kayfa
4%
Osage
4%
Pegu
4%
Yarkand
4%
Djerid
4%
Yas
4%
Makassar
4%
Pasai
4%
Mapuche
4%
Adal
4%
Oyo
4%
Yeren
4%
Zapotec
4%
Andhra
4%
Lan Xang
4%
Uesugi
4%
Arawak
4%
Kano
4%
Clanricarde
4%
Kanem Bornu
4%
Kham
4%
Sistan
4%
Mixtec
4%
Kale
4%
Avaria
4%
Khorasan
4%
Kaffa
4%
Mewar
4%
Jolof
4%
Jianzhou
4%
Thomond
4%
Illiniwek
4%
Lenape
4%
Tyrconnell
4%
Sunda
4%
Tsang
4%
Ryukyu
4%
Salish
4%
Kuba
4%
Touggourt
4%
Tlaxcala
4%
Caddo
4%
Calicut
3%
Mushasha
3%
Nivkh
3%
Buton
3%
Nagaur
3%
Butua
3%
Zuni
3%
Otomo
3%
Toki
3%
Tairona
3%
Takeda
3%
Tarascan
3%
Taungu
3%
Ternate
3%
Arakan
3%
Tidore
3%
Tondo
3%
Ardalan
3%
Anizah
3%
Alodia
3%
Warsangali
3%
Wichita
3%
Xiu
3%
Yamana
3%
Yao
3%
Tafilalt
3%
Sulu
3%
Ouchi
3%
Rassids
3%
Palembang
3%
Patna
3%
Pequot
3%
Buganda
3%
Pima
3%
Prome
3%
Bitlis
3%
Beja
3%
Sukhothai
3%
Sarig Yogir
3%
Shammar
3%
Shiba
3%
Shimazu
3%
Siak
3%
Sofala
3%
Solon
3%
Sirhind
3%
Mossi
3%
Multan
3%
Ito
3%
Chiba
3%
Makuria
3%
Hosokawa
3%
Mahra
3%
Huastec
3%
Madurai
3%
Luristan
3%
Lunda
3%
Luba
3%
Chimu
3%
Loango
3%
Imerina
3%
Abenaki
3%
Itza
3%
Hadramut
3%
Ligor
3%
Lan Na
3%
Ladakh
3%
Kutch
3%
Kutai
3%
Jaffna
3%
Korchin
3%
Jenné
3%
Chukchi
3%
Jharkhand
3%
Koch
3%
Kiowa
3%
Kharabakh
3%
Manipur
3%
Kara Del
3%
Miskito
3%
Muisca
3%
Donghai
3%
Fadl
3%
Gorkha
3%
Gilan
3%
Guge
3%
Mikmaq
3%
Dawasir
3%
Mazandaran
3%
Tirhut
2%
Tlapanec
2%
Dhundhar
2%
Jhalavad
2%
Antemoro
2%
Yaqui
2%
Garha
2%
Jaisalmer
2%
Jangladesh
2%
Janjiro
2%
Ennarea
2%
Jeypore
2%
Hadoti
2%
Yokotan
2%
Tapuia
2%
Assiniboine
2%
Susquehannock
2%
Kaqchikel
2%
Kangra
2%
Kalundwe
2%
Kalpi
2%
Kalinjar
2%
Kalahandi
2%
Garhwal
2%
Kachar
2%
Telingana
2%
Zazzau
2%
Teotitlan
2%
Junagarh
2%
Dongola
2%
Jumla
2%
Yokuts
2%
Cocomes
2%
Yaka
2%
Gwalior
2%
Wanka
2%
Guamar
2%
Tyo
2%
Hsipaw
2%
Hsenwi
2%
Tzotzil
2%
Udege
2%
Tupinamba
2%
Colla
2%
Hadiya
2%
Hatakeyama
2%
Amago
2%
Dagbon
2%
Venad
2%
Tupiniquim
2%
Colima
2%
Isshiki
2%
Imagawa
2%
Utsunomiya
2%
Tonala
2%
Garjat
2%
Xalisco
2%
Dang
2%
Totonac
2%
Welayta
2%
Damot
2%
Idar
2%
Ichma
2%
Huyla
2%
Tripura
2%
Coixtlahuaca
2%
Karagwe
2%
Tumbuka
2%
Tsutsui
2%
Baghelkhand
2%
Kasanje
2%
Chavchuveny
2%
Chanda
2%
Charca
2%
Charrua
2%
Bundelkhand
2%
Matlatzinca
2%
Marehan
2%
Otomi
2%
Buha
2%
Medri Bahri
2%
Malindi
2%
Pacajes
2%
Pagarruyung
2%
Palitana
2%
Pangasinan
2%
Makua
2%
Pate
2%
Pattani
2%
Ogasawara
2%
Mescalero
2%
Katsina
2%
Mong Mao
2%
Chachapoya
2%
Mong Yang
2%
Mong Pai
2%
Calchaqui
2%
Najran
2%
Nanbu
2%
Cajamarca
2%
Mong Nai
2%
Butuan
2%
Bunyoro
2%
Mong Kawng
2%
Ndongo
2%
Chactemal
2%
Nkore
2%
Mikhlaf
2%
Mewat
2%
Nupe
2%
Busoga
2%
Mahafaly
2%
Maguindanao
2%
Madyas
2%
Can Pech
2%
Kono
2%
Chorti
2%
Baglana
2%
Kolathunad
2%
Kochin
2%
Kitabatake
2%
Shoni
2%
Kikuchi
2%
Kikondja
2%
Satake
2%
Kiche
2%
Khodynt
2%
Sirmur
2%
Khandesh
2%
Keres
2%
Keonhjar
2%
Kedah
2%
Kazembe
2%
Bastar
2%
Chokwe
2%
Macina
2%
Bishnupur
2%
Chichimeca
2%
Bonoman
2%
Porbandar
2%
Luwu
2%
Potawatomi
2%
Potiguara
2%
Lundu
2%
Biapas
2%
Samtskhe
2%
Lipan
2%
Ratanpur
2%
Limbuwan
2%
Rewa Kantha
2%
Betsimisaraka
2%
Sadiya
2%
Sakalava
2%
Kumaon
2%
Doti
2%
Parlakhimedi
1%

Score Distribution

Percentile by Number Answered

Percent of People with Each Score

Your Score History

You have not taken this quiz since the last reset